000 00682nam a2200289Ia 4500
005 20260324121648.0
008 008 260324s9999 xx 000 0 eng d
020 _a9780203787670
037 _aEBOOK
040 _aCRL
040 _beng
040 _cCRL
041 _2eng
041 _aeng
084 _qCRL
100 _aAnton Oleinik
_91163383
245 0 _aKnowledge and Networking
245 0 _bOn Communication in the Social Sciences
260 _bTaylor and Francis
260 _c2014
365 _a
365 _b230
856 _uhttp://www.taylorfrancis.com/books/9780203787670
942 _cEBOOK
999 _c1755633
_d1755633